[Event "XXVII MISTRZOSTWA WOJEWÓDZTWA PODLASKIEGO JUNIORÓW DO LAT 14 - C14"]
[Site "Białystok, Poland"]
[Date "2025.05.31"]
[Round "7.4"]
[White "Obrycki, Tomasz"]
[Black "Chojnowski, Jakub"]
[Result "1-0"]
[WhiteElo "2055"]
[BlackElo "1504"]

1. c4 {[%clk 00:30:57]} {[%emt 00:00:03]} e5 {[%clk 00:29:44]} {[%emt
00:01:17]} 2. g3 {[%clk 00:31:21]} {[%emt 00:00:05]} c6 {[%clk 00:29:56]}
{[%emt 00:00:19]} 3. Nf3 {[%clk 00:31:36]} {[%emt 00:00:14]} d6 {[%clk
00:30:08]} {[%emt 00:00:19]} 4. Bg2 {[%clk 00:31:54]} {[%emt 00:00:12]} Be6
{[%clk 00:30:01]} {[%emt 00:00:36]} 5. d3 {[%clk 00:32:04]} {[%emt 00:00:20]}
Nf6 {[%clk 00:30:22]} {[%emt 00:00:09]} 6. Nc3 {[%clk 00:32:20]} {[%emt
00:00:15]} Nbd7 {[%clk 00:30:02]} {[%emt 00:00:50]} 7. O-O {[%clk 00:32:24]}
{[%emt 00:00:24]} Be7 {[%clk 00:29:27]} {[%emt 00:01:06]} 8. b3 {[%clk
00:32:18]} {[%emt 00:00:37]} Rf8 {[%emt 00:05:00]} 9. Bb2 {[%clk 00:34:10]}
{[%emt 00:00:26]} h6 {[%clk 00:29:17]} {[%emt 00:00:24]} 10. Rc1 {[%clk
00:33:37]} {[%emt 00:01:03]} Nb6 {[%clk 00:27:37]} {[%emt 00:02:10]} 11. Qc2
{[%clk 00:31:48]} {[%emt 00:02:16]} Rc8 {[%clk 00:27:40]} {[%emt 00:00:29]} 12.
d4 {[%clk 00:31:56]} {[%emt 00:00:22]} exd4 {[%clk 00:27:20]} {[%emt 00:00:51]}
13. Nxd4 {[%clk 00:32:18]} {[%emt 00:00:08]} Qd7 {[%clk 00:27:37]} {[%emt
00:00:12]} 14. e4 {[%clk 00:31:26]} {[%emt 00:01:22]} d5 {[%clk 00:23:30]}
{[%emt 00:04:37]} 15. Nxe6 {[%clk 00:31:33]} {[%emt 00:00:24]} Qxe6 {[%clk
00:23:26]} {[%emt 00:00:33]} 16. exd5 {[%clk 00:31:53]} {[%emt 00:00:11]} cxd5
{[%clk 00:22:49]} {[%emt 00:01:06]} 17. Rfe1 {[%clk 00:32:08]} {[%emt
00:00:15]} Qd7 {[%clk 00:21:51]} {[%emt 00:01:28]} 18. Ba3 {[%clk 00:32:25]}
{[%emt 00:00:13]} dxc4 {[%clk 00:20:51]} {[%emt 00:01:31]} 19. Rxe7+ {[%clk
00:32:11]} {[%emt 00:00:44]} Qxe7 {[%clk 00:21:15]} {[%emt 00:00:06]} 20. Bxe7
{[%clk 00:32:27]} {[%emt 00:00:14]} Kxe7 {[%clk 00:21:39]} {[%emt 00:00:05]} 21.
Qe2+ {[%clk 00:32:46]} {[%emt 00:00:10]} Kd8 {[%clk 00:20:56]} {[%emt
00:01:14]} 22. Rd1+ {[%clk 00:33:02]} {[%emt 00:00:14]} Nfd7 {[%clk 00:20:43]}
{[%emt 00:00:44]} 23. bxc4 {[%clk 00:33:16]} {[%emt 00:00:15]} Rxc4 {[%clk
00:20:06]} {[%emt 00:01:07]} 24. Ne4 {[%clk 00:32:26]} {[%emt 00:01:19]} Re8
{[%clk 00:19:55]} {[%emt 00:00:42]} 25. Rxd7+ {[%clk 00:32:10]} {[%emt
00:00:47]} Kxd7 {[%clk 00:19:00]} {[%emt 00:01:25]} 26. Qd3+ {[%clk 00:32:33]}
{[%emt 00:00:06]} Ke6 {[%clk 00:18:17]} {[%emt 00:01:14]} 27. Qd6+ {[%clk
00:32:09]} {[%emt 00:00:54]} Kf5 {[%clk 00:18:24]} {[%emt 00:00:23]} 28. g4+
{[%clk 00:32:31]} {[%emt 00:00:07]} Kxg4 {[%clk 00:18:29]} {[%emt 00:00:25]} 29.
Qg3+ {[%clk 00:32:54]} {[%emt 00:00:06]} Kf5 {[%clk 00:17:34]} {[%emt
00:01:26]} 30. Nd6+ {[%clk 00:33:18]} {[%emt 00:00:07]} Ke5 {[%emt 00:01:29]}
1-0

[Event "XXVII MISTRZOSTWA WOJEWÓDZTWA PODLASKIEGO JUNIORÓW DO LAT 14 - C14"]
[Site "Białystok, Poland"]
[Date "2025.06.01"]
[Round "8.1"]
[White "Gardocki, Michal"]
[Black "Obrycki, Tomasz"]
[Result "0-1"]
[WhiteElo "1469"]
[BlackElo "2055"]

1. e4 {[%clk 00:30:56]} {[%emt 00:00:02]} c5 {[%clk 00:30:52]} {[%emt
00:00:08]} 2. Nf3 {[%clk 00:31:21]} {[%emt 00:00:06]} d6 {[%clk 00:31:17]}
{[%emt 00:00:05]} 3. d4 {[%clk 00:31:43]} {[%emt 00:00:08]} cxd4 {[%clk
00:31:39]} {[%emt 00:00:09]} 4. Nxd4 {[%clk 00:32:08]} {[%emt 00:00:04]} Nf6
{[%clk 00:32:08]} {[%emt 00:00:02]} 5. Nc3 {[%clk 00:32:25]} {[%emt 00:00:12]}
a6 {[%clk 00:32:36]} {[%emt 00:00:02]} 6. Be2 {[%clk 00:32:39]} {[%emt
00:00:16]} e5 {[%clk 00:32:57]} {[%emt 00:00:09]} 7. Nb3 {[%clk 00:32:50]}
{[%emt 00:00:20]} Be7 {[%clk 00:32:39]} {[%emt 00:00:47]} 8. O-O {[%clk
00:33:11]} {[%emt 00:00:09]} Be6 {[%clk 00:31:30]} {[%emt 00:01:39]} 9. Be3
{[%clk 00:32:44]} {[%emt 00:00:57]} Nbd7 {[%clk 00:30:21]} {[%emt 00:01:39]} 10.
f3 {[%clk 00:31:49]} {[%emt 00:01:24]} O-O {[%clk 00:30:25]} {[%emt 00:00:26]}
11. Qd2 {[%clk 00:31:25]} {[%emt 00:00:55]} Qc7 {[%clk 00:30:13]} {[%emt
00:00:41]} 12. a4 {[%clk 00:31:01]} {[%emt 00:00:54]} Nb6 {[%clk 00:26:00]}
{[%emt 00:04:43]} 13. a5 {[%clk 00:29:52]} {[%emt 00:01:40]} Nc4 {[%clk
00:26:12]} {[%emt 00:00:17]} 14. Bxc4 {[%clk 00:30:17]} {[%emt 00:00:06]} Bxc4
{[%clk 00:26:08]} {[%emt 00:00:33]} 15. Bb6 {[%clk 00:30:01]} {[%emt 00:00:46]}
Qc6 {[%clk 00:25:27]} {[%emt 00:01:07]} 16. Rfd1 {[%clk 00:30:21]} {[%emt
00:00:14]} Nd7 {[%clk 00:25:07]} {[%emt 00:00:50]} 17. Nd5 {[%clk 00:29:44]}
{[%emt 00:01:07]} Bxd5 {[%clk 00:23:26]} {[%emt 00:02:11]} 18. exd5 {[%clk
00:30:00]} {[%emt 00:00:14]} Qc4 {[%clk 00:23:16]} {[%emt 00:00:36]} 19. Bf2
{[%clk 00:28:20]} {[%emt 00:02:13]} Rac8 {[%clk 00:23:16]} {[%emt 00:00:30]} 20.
Rac1 {[%clk 00:28:38]} {[%emt 00:00:13]} h6 {[%clk 00:23:24]} {[%emt 00:00:22]}
21. Be3 {[%clk 00:27:41]} {[%emt 00:01:27]} f5 {[%clk 00:21:59]} {[%emt
00:01:54]} 22. Qf2 {[%clk 00:27:36]} {[%emt 00:00:36]} f4 {[%clk 00:14:41]}
{[%emt 00:07:48]} 23. Bb6 {[%clk 00:27:18]} {[%emt 00:00:47]} Qb5 {[%clk
00:14:55]} {[%emt 00:00:13]} 24. Ba7 {[%clk 00:26:16]} {[%emt 00:01:37]} Ra8
{[%emt 00:02:27]} 25. Rd3 {[%clk 00:25:35]} Rfc8 {[%clk 00:13:48]} {[%emt
00:00:48]} 26. Rdd1 {[%clk 00:23:18]} {[%emt 00:02:49]} Bd8 {[%clk 00:13:29]}
{[%emt 00:00:49]} 27. g3 {[%clk 00:22:11]} {[%emt 00:01:37]} fxg3 {[%clk
00:12:42]} {[%emt 00:01:17]} 28. hxg3 {[%clk 00:20:39]} {[%emt 00:02:01]} b6
{[%clk 00:12:42]} {[%emt 00:00:31]} 29. Qe3 {[%clk 00:19:47]} {[%emt 00:01:22]}
Rxa7 {[%clk 00:12:36]} {[%emt 00:00:36]} 30. Nd4 {[%clk 00:20:08]} {[%emt
00:00:08]} exd4 {[%clk 00:09:29]} {[%emt 00:03:37]} 31. Qe6+ {[%clk 00:20:29]}
{[%emt 00:00:10]} Kf8 {[%clk 00:09:35]} {[%emt 00:00:12]} 32. Rxd4 {[%clk
00:20:44]} {[%emt 00:00:28]} Qc5 {[%clk 00:09:20]} {[%emt 00:00:42]} 33. c3
{[%clk 00:21:08]} {[%emt 00:00:09]} Bf6 {[%clk 00:09:36]} {[%emt 00:00:14]} 34.
Kh2 {[%clk 00:21:00]} {[%emt 00:00:37]} Bxd4 {[%clk 00:09:19]} {[%emt
00:00:47]} 35. b4 {[%clk 00:21:15]} {[%emt 00:00:16]} Qc7 {[%clk 00:09:36]}
{[%emt 00:00:13]} 36. Qf5+ {[%clk 00:21:23]} {[%emt 00:00:21]} Nf6 {[%clk
00:09:44]} {[%emt 00:00:23]} 37. axb6 {[%clk 00:21:48]} {[%emt 00:00:05]} Bxb6
{[%clk 00:10:02]} {[%emt 00:00:12]} 38. Re1 {[%clk 00:22:09]} {[%emt 00:00:07]}
Re8 {[%clk 00:10:13]} {[%emt 00:00:20]} 39. Rxe8+ {[%clk 00:22:13]} {[%emt
00:00:27]} Kxe8 {[%clk 00:10:38]} {[%emt 00:00:05]} 40. Qe6+ {[%clk 00:22:34]}
{[%emt 00:00:10]} Qe7 {[%clk 00:10:59]} {[%emt 00:00:08]} 0-1

[Event "XXVII MISTRZOSTWA WOJEWÓDZTWA PODLASKIEGO JUNIORÓW DO LAT 14 - C14"]
[Site "Białystok, Poland"]
[Date "2025.06.01"]
[Round "8.2"]
[White "Jasiulewicz, Kamil"]
[Black "Choinski, Ignacy"]
[Result "1-0"]
[WhiteElo "1658"]
[BlackElo "1521"]

1. d4 {[%clk 00:30:48]} {[%emt 00:00:11]} d5 {[%clk 00:30:49]} {[%emt
00:00:12]} 2. c4 {[%clk 00:31:15]} {[%emt 00:00:02]} e6 {[%clk 00:31:13]}
{[%emt 00:00:07]} 3. e3 {[%clk 00:31:09]} {[%emt 00:00:35]} Nf6 {[%clk
00:31:27]} {[%emt 00:00:17]} 4. Nf3 {[%clk 00:31:31]} {[%emt 00:00:07]} Nbd7
{[%clk 00:31:49]} {[%emt 00:00:08]} 5. Nc3 {[%clk 00:31:54]} {[%emt 00:00:07]}
Bb4 {[%clk 00:31:57]} {[%emt 00:00:22]} 6. Bd2 {[%clk 00:32:10]} {[%emt
00:00:15]} a5 {[%clk 00:31:05]} {[%emt 00:01:22]} 7. a3 {[%clk 00:32:28]}
{[%emt 00:00:12]} Be7 {[%clk 00:31:05]} {[%emt 00:00:29]} 8. Qc2 {[%clk
00:32:21]} {[%emt 00:00:38]} dxc4 {[%clk 00:27:48]} {[%emt 00:03:46]} 9. Bxc4
{[%clk 00:32:45]} {[%emt 00:00:06]} Nb6 {[%clk 00:28:12]} {[%emt 00:00:06]} 10.
Bd3 {[%clk 00:31:59]} {[%emt 00:01:14]} c5 {[%clk 00:25:10]} {[%emt 00:03:34]}
11. Nb5 {[%clk 00:26:16]} {[%emt 00:06:13]} Nbd7 {[%clk 00:24:26]} {[%emt
00:01:15]} 12. O-O {[%clk 00:25:17]} {[%emt 00:01:28]} b6 {[%clk 00:24:19]}
{[%emt 00:00:38]} 13. b4 {[%clk 00:23:46]} {[%emt 00:02:00]} axb4 {[%clk
00:24:24]} {[%emt 00:00:26]} 14. axb4 {[%clk 00:24:14]} {[%emt 00:00:03]} Bb7
{[%clk 00:24:04]} {[%emt 00:00:49]} 15. Be2 {[%clk 00:22:44]} {[%emt 00:02:00]}
O-O {[%clk 00:24:14]} {[%emt 00:00:20]} 16. bxc5 {[%clk 00:21:49]} {[%emt
00:01:25]} bxc5 {[%clk 00:23:58]} {[%emt 00:00:45]} 17. Bc3 {[%clk 00:21:39]}
{[%emt 00:00:41]} Be4 {[%clk 00:23:11]} {[%emt 00:01:17]} 18. Qb2 {[%clk
00:21:40]} {[%emt 00:00:29]} Qb6 {[%clk 00:20:21]} {[%emt 00:03:18]} 19. dxc5
{[%clk 00:15:42]} {[%emt 00:06:30]} Nxc5 {[%clk 00:20:40]} {[%emt 00:00:11]} 20.
Nbd4 {[%clk 00:11:47]} {[%emt 00:04:25]} Qxb2 {[%clk 00:20:10]} {[%emt
00:01:00]} 21. Bxb2 {[%clk 00:12:14]} {[%emt 00:00:02]} Na4 {[%clk 00:20:04]}
{[%emt 00:00:36]} 22. Ba3 {[%clk 00:11:36]} {[%emt 00:01:08]} Bxa3 {[%clk
00:19:11]} {[%emt 00:01:24]} 23. Rxa3 {[%clk 00:12:04]} {[%emt 00:00:02]} Nd5
{[%clk 00:19:02]} {[%emt 00:00:37]} 24. Nd2 {[%clk 00:10:46]} {[%emt 00:01:49]}
Nc5 {[%clk 00:18:42]} {[%emt 00:00:49]} 25. Rxa8 {[%clk 00:08:47]} {[%emt
00:02:30]} Rxa8 {[%clk 00:19:01]} {[%emt 00:00:11]} 26. Rc1 {[%clk 00:09:07]}
{[%emt 00:00:11]} Nd3 {[%clk 00:18:36]} {[%emt 00:00:53]} 27. Rc4 {[%clk
00:06:17]} {[%emt 00:03:20]} Bg6 {[%clk 00:18:07]} {[%emt 00:00:57]} 28. e4
{[%clk 00:03:14]} {[%emt 00:03:37]} N5b4 {[%clk 00:17:35]} {[%emt 00:01:02]} 29.
Nc2 {[%clk 00:01:57]} {[%emt 00:01:47]} Nxc2 {[%clk 00:17:36]} {[%emt
00:00:26]} 30. Bxd3 {[%clk 00:01:57]} {[%emt 00:00:32]} Na3 {[%clk 00:16:40]}
{[%emt 00:01:26]} 31. Rc1 {[%clk 00:02:11]} {[%emt 00:00:16]} Kf8 {[%clk
00:16:42]} {[%emt 00:00:27]} 32. Kf1 {[%clk 00:02:24]} {[%emt 00:00:18]} f6
{[%clk 00:15:45]} {[%emt 00:01:28]} 33. Ra1 {[%clk 00:02:16]} {[%emt 00:00:38]}
Ra7 {[%clk 00:14:35]} {[%emt 00:01:39]} 34. Nb3 {[%clk 00:01:49]} {[%emt
00:00:57]} Bh5 {[%clk 00:13:56]} {[%emt 00:01:00]} 35. f3 {[%clk 00:00:50]}
{[%emt 00:01:39]} Be8 {[%clk 00:13:29]} {[%emt 00:00:56]} 36. Nc5 {[%clk
00:01:06]} {[%emt 00:00:15]} Ke7 {[%clk 00:13:20]} {[%emt 00:00:38]} 37. Kf2
{[%clk 00:00:57]} {[%emt 00:00:40]} Nb5 {[%clk 00:11:23]} {[%emt 00:02:27]} 38.
Rb1 {[%clk 00:01:26]} {[%emt 00:00:01]} Nd4 {[%clk 00:10:49]} {[%emt 00:01:03]}
39. Rb4 {[%clk 00:01:05]} {[%emt 00:00:52]} e5 {[%clk 00:10:38]} {[%emt
00:00:39]} 40. Rb2 {[%clk 00:01:03]} {[%emt 00:00:33]} Rc7 {[%clk 00:10:19]}
{[%emt 00:00:46]} 41. Na6 {[%clk 00:01:02]} {[%emt 00:00:35]} Rd7 {[%clk
00:09:56]} {[%emt 00:00:49]} 42. Nb4 {[%clk 00:01:13]} {[%emt 00:00:23]} Bf7
{[%clk 00:09:38]} {[%emt 00:00:48]} 43. Ke3 {[%clk 00:01:34]} {[%emt 00:00:09]}
Kd6 {[%clk 00:09:48]} {[%emt 00:00:18]} 44. Nc2 {[%clk 00:01:11]} {[%emt
00:00:55]} Nxc2+ {[%clk 00:08:34]} {[%emt 00:01:44]} 45. Rxc2 {[%clk 00:01:32]}
{[%emt 00:00:09]} Rc7 {[%clk 00:08:52]} {[%emt 00:00:11]} 46. Rd2 {[%clk
00:01:26]} {[%emt 00:00:37]} Rc3 {[%clk 00:08:45]} {[%emt 00:00:36]} 47. Ke2
{[%clk 00:01:45]} {[%emt 00:00:11]} Ke7 {[%clk 00:08:11]} {[%emt 00:01:04]} 48.
Rb2 {[%clk 00:01:57]} {[%emt 00:00:20]} Rb3 {[%clk 00:08:05]} {[%emt 00:00:36]}
49. Rc2 {[%clk 00:02:07]} {[%emt 00:00:20]} Rb7 {[%clk 00:08:03]} {[%emt
00:00:31]} 50. Kf2 {[%clk 00:02:11]} {[%emt 00:00:25]} Bb3 {[%clk 00:08:08]}
{[%emt 00:00:24]} 51. Rc1 {[%clk 00:02:01]} {[%emt 00:00:42]} Rd7 {[%clk
00:08:20]} {[%emt 00:00:18]} 52. Rc3 {[%clk 00:02:20]} {[%emt 00:00:12]} Be6
{[%clk 00:07:56]} {[%emt 00:00:41]} 53. Be2 {[%clk 00:01:49]} {[%emt 00:01:13]}
Kd6 {[%clk 00:07:46]} {[%emt 00:00:39]} 54. Ke3 {[%clk 00:02:06]} {[%emt
00:00:14]} Rc7 {[%clk 00:08:03]} {[%emt 00:00:13]} 55. Rd3+ {[%clk 00:02:14]}
{[%emt 00:00:22]} Ke7 {[%clk 00:07:49]} {[%emt 00:00:43]} 56. f4 {[%clk
00:02:30]} {[%emt 00:00:14]} Bf7 {[%clk 00:07:02]} {[%emt 00:01:17]} 57. fxe5
{[%clk 00:02:47]} {[%emt 00:00:14]} fxe5 {[%clk 00:07:14]} {[%emt 00:00:18]} 58.
Ra3 {[%clk 00:03:06]} {[%emt 00:00:11]} Kf6 {[%clk 00:07:03]} {[%emt 00:00:40]}
59. Ra6+ {[%clk 00:02:56]} {[%emt 00:00:41]} Be6 {[%clk 00:07:10]} {[%emt
00:00:22]} 60. Bg4 {[%clk 00:02:29]} {[%emt 00:00:57]} Re7 {[%clk 00:07:28]}
{[%emt 00:00:12]} 61. Kd3 {[%clk 00:02:26]} {[%emt 00:00:33]} Kf7 {[%clk
00:07:44]} {[%emt 00:00:14]} 62. Bxe6+ {[%clk 00:02:43]} {[%emt 00:00:14]} Rxe6
{[%clk 00:07:54]} {[%emt 00:00:20]} 63. Rxe6 {[%clk 00:03:08]} {[%emt
00:00:05]} Kxe6 {[%clk 00:07:41]} {[%emt 00:00:42]} 64. Kc4 {[%clk 00:03:37]}
{[%emt 00:00:02]} g5 {[%clk 00:07:57]} {[%emt 00:00:13]} 65. g4 {[%clk
00:04:01]} {[%emt 00:00:06]} Kd6 {[%clk 00:05:20]} {[%emt 00:03:08]} 66. Kb5
{[%clk 00:04:29]} {[%emt 00:00:02]} Kd7 {[%clk 00:05:19]} {[%emt 00:00:30]} 67.
Kc5 {[%clk 00:04:58]} {[%emt 00:00:02]} Ke6 {[%clk 00:05:48]} {[%emt 00:00:01]}
68. Kc6 {[%clk 00:05:20]} {[%emt 00:00:07]} Ke7 {[%clk 00:06:13]} {[%emt
00:00:06]} 69. Kd5 {[%clk 00:05:47]} {[%emt 00:00:03]} Kf6 {[%clk 00:06:40]}
{[%emt 00:00:03]} 70. Kd6 {[%clk 00:06:14]} {[%emt 00:00:03]} Kf7 {[%clk
00:07:00]} {[%emt 00:00:09]} 71. Kxe5 {[%clk 00:06:39]} {[%emt 00:00:05]} h6
{[%clk 00:07:27]} {[%emt 00:00:03]} 72. Kd6 {[%clk 00:06:56]} {[%emt 00:00:13]}
Kg6 {[%clk 00:07:50]} {[%emt 00:00:08]} 73. e5 {[%clk 00:07:21]} {[%emt
00:00:05]} h5 {[%clk 00:08:18]} {[%emt 00:00:02]} 74. h3 {[%clk 00:07:50]} Kh7
{[%clk 00:08:31]} {[%emt 00:00:17]} 75. e6 {[%clk 00:08:18]} {[%emt 00:00:02]}
Kh6 {[%clk 00:08:55]} {[%emt 00:00:05]} 76. e7 {[%clk 00:08:44]} {[%emt
00:00:04]} Kh7 {[%clk 00:09:23]} {[%emt 00:00:02]} 77. e8=Q {[%clk 00:09:06]}
{[%emt 00:00:08]} hxg4 {[%clk 00:09:49]} {[%emt 00:00:05]} 78. Qh5+ {[%clk
00:09:28]} {[%emt 00:00:08]} Kg7 {[%clk 00:10:17]} {[%emt 00:00:03]} 79. Qxg5+
{[%clk 00:09:49]} {[%emt 00:00:08]} Kh7 {[%clk 00:10:45]} 80. Ke7 {[%clk
00:10:08]} {[%emt 00:00:12]} 1-0

[Event "XXVII MISTRZOSTWA WOJEWÓDZTWA PODLASKIEGO JUNIORÓW DO LAT 14 - C14"]
[Site "Białystok, Poland"]
[Date "2025.06.01"]
[Round "8.4"]
[White "Wnorowski, Wiktor"]
[Black "Pawluczuk, Maciej"]
[Result "1-0"]
[WhiteElo "1674"]
[BlackElo "1427"]

1. d4 {[%clk 00:30:54]} {[%emt 00:00:05]} d5 {[%clk 00:30:46]} {[%emt
00:00:14]} 2. Nf3 {[%clk 00:31:18]} {[%emt 00:00:07]} Nf6 {[%clk 00:31:07]}
{[%emt 00:00:09]} 3. c4 {[%clk 00:31:23]} {[%emt 00:00:24]} e6 {[%clk
00:31:18]} {[%emt 00:00:19]} 4. cxd5 {[%clk 00:31:45]} {[%emt 00:00:08]} exd5
{[%clk 00:31:33]} {[%emt 00:00:15]} 5. Bg5 {[%clk 00:32:09]} {[%emt 00:00:07]}
Be7 {[%clk 00:31:30]} {[%emt 00:00:33]} 6. e3 {[%clk 00:32:14]} {[%emt
00:00:25]} O-O {[%clk 00:31:30]} {[%emt 00:00:30]} 7. Bd3 {[%clk 00:32:34]}
{[%emt 00:00:09]} b6 {[%clk 00:31:32]} {[%emt 00:00:29]} 8. Nbd2 {[%clk
00:32:21]} {[%emt 00:00:42]} Bb7 {[%clk 00:31:14]} {[%emt 00:00:48]} 9. O-O
{[%clk 00:32:06]} {[%emt 00:00:44]} Nbd7 {[%clk 00:30:55]} {[%emt 00:00:51]} 10.
Rc1 {[%clk 00:29:52]} {[%emt 00:02:44]} Rc8 {[%clk 00:30:04]} {[%emt 00:01:21]}
11. Qa4 {[%clk 00:29:02]} {[%emt 00:01:20]} a6 {[%clk 00:29:08]} {[%emt
00:01:26]} 12. b4 {[%clk 00:26:18]} {[%emt 00:03:14]} b5 {[%clk 00:27:52]}
{[%emt 00:01:46]} 13. Qb3 {[%clk 00:26:39]} {[%emt 00:00:09]} h6 {[%clk
00:27:56]} {[%emt 00:00:25]} 14. Bh4 {[%clk 00:25:02]} {[%emt 00:02:07]} Ne4
{[%clk 00:27:49]} {[%emt 00:00:38]} 15. Bxe7 {[%clk 00:24:36]} {[%emt
00:00:56]} Qxe7 {[%clk 00:28:12]} {[%emt 00:00:06]} 16. a3 {[%clk 00:22:47]}
{[%emt 00:02:20]} Rfe8 {[%clk 00:28:13]} {[%emt 00:00:28]} 17. Qc2 {[%clk
00:21:43]} {[%emt 00:01:34]} Ndf6 {[%clk 00:28:31]} {[%emt 00:00:13]} 18. Nb3
{[%clk 00:21:58]} {[%emt 00:00:15]} Ba8 {[%clk 00:28:21]} {[%emt 00:00:40]} 19.
Ne5 {[%clk 00:16:58]} {[%emt 00:05:29]} c6 {[%clk 00:28:21]} {[%emt 00:00:31]}
20. Na5 {[%clk 00:16:29]} {[%emt 00:00:59]} Nd7 {[%clk 00:28:32]} {[%emt
00:00:19]} 21. Bxe4 {[%clk 00:15:32]} {[%emt 00:01:27]} dxe4 {[%clk 00:28:39]}
{[%emt 00:00:23]} 22. Nxd7 {[%clk 00:13:02]} {[%emt 00:03:00]} Qxd7 {[%clk
00:29:03]} {[%emt 00:00:06]} 23. Qc5 {[%clk 00:12:27]} {[%emt 00:01:05]} Qd5
{[%clk 00:28:52]} {[%emt 00:00:37]} 24. Rc2 {[%clk 00:12:20]} {[%emt 00:00:41]}
Qe6 {[%clk 00:28:25]} {[%emt 00:00:57]} 25. Rfc1 {[%clk 00:11:15]} {[%emt
00:01:34]} Qf6 {[%clk 00:28:16]} {[%emt 00:00:36]} 26. Qh5 {[%clk 00:10:42]}
{[%emt 00:01:07]} Re6 {[%clk 00:27:31]} {[%emt 00:01:13]} 27. Qg4 {[%clk
00:10:09]} {[%emt 00:01:04]} Rd8 {[%clk 00:27:07]} {[%emt 00:00:54]} 28. Nb3
{[%clk 00:09:31]} {[%emt 00:01:08]} Qe7 {[%clk 00:27:03]} {[%emt 00:00:33]} 29.
Nc5 {[%clk 00:07:46]} {[%emt 00:02:17]} Rg6 {[%clk 00:27:12]} {[%emt 00:00:21]}
30. Qf4 {[%clk 00:07:27]} {[%emt 00:00:48]} Rd5 {[%clk 00:26:49]} {[%emt
00:00:53]} 31. Nxe4 {[%clk 00:04:55]} {[%emt 00:03:03]} c5 {[%clk 00:26:05]}
{[%emt 00:01:14]} 32. Ng3 {[%clk 00:04:09]} {[%emt 00:01:16]} c4 {[%clk
00:26:04]} {[%emt 00:00:29]} 33. Rd1 {[%clk 00:02:56]} {[%emt 00:01:44]} Rd8
{[%clk 00:26:09]} {[%emt 00:00:25]} 34. e4 {[%clk 00:02:55]} {[%emt 00:00:31]}
Rf6 {[%clk 00:26:03]} {[%emt 00:00:36]} 35. Qe3 {[%clk 00:03:03]} {[%emt
00:00:23]} Re6 {[%clk 00:26:09]} {[%emt 00:00:23]} 36. f3 {[%clk 00:02:59]}
{[%emt 00:00:35]} Qa7 {[%clk 00:25:01]} {[%emt 00:01:38]} 37. Rcd2 {[%clk
00:02:22]} {[%emt 00:01:07]} Red6 {[%clk 00:24:57]} {[%emt 00:00:34]} 38. Nf5
{[%clk 00:02:09]} {[%emt 00:00:42]} R6d7 {[%clk 00:24:50]} {[%emt 00:00:36]} 39.
d5 {[%clk 00:02:04]} {[%emt 00:00:37]} Qb8 {[%clk 00:24:33]} {[%emt 00:00:46]}
40. Qd4 {[%clk 00:02:16]} {[%emt 00:00:19]} f6 {[%clk 00:24:42]} {[%emt
00:00:22]} 41. Qf2 {[%clk 00:01:46]} {[%emt 00:00:59]} Qe5 {[%clk 00:24:14]}
{[%emt 00:00:57]} 42. Qg3 {[%clk 00:01:55]} {[%emt 00:00:21]} Qxg3 {[%clk
00:24:13]} {[%emt 00:00:31]} 43. Nxg3 {[%clk 00:02:16]} {[%emt 00:00:09]} g6
{[%clk 00:24:32]} {[%emt 00:00:12]} 44. Kf2 {[%clk 00:02:40]} {[%emt 00:00:06]}
Kf7 {[%clk 00:24:32]} {[%emt 00:00:30]} 45. Ke3 {[%clk 00:03:00]} {[%emt
00:00:10]} Ke7 {[%clk 00:24:38]} {[%emt 00:00:23]} 46. h4 {[%clk 00:02:53]}
{[%emt 00:00:37]} h5 {[%clk 00:24:45]} {[%emt 00:00:23]} 47. Ne2 {[%clk
00:03:18]} {[%emt 00:00:06]} Re8 {[%clk 00:24:58]} {[%emt 00:00:17]} 48. Kf4
{[%clk 00:02:31]} {[%emt 00:01:16]} Kd6 {[%clk 00:24:33]} {[%emt 00:00:55]} 49.
Nd4 {[%clk 00:02:25]} {[%emt 00:00:36]} Re5 {[%clk 00:24:22]} {[%emt 00:00:42]}
50. Ra2 {[%clk 00:01:56]} {[%emt 00:00:59]} Rde7 {[%clk 00:21:31]} {[%emt
00:03:20]} 51. a4 {[%clk 00:01:10]} {[%emt 00:01:16]} bxa4 {[%clk 00:21:47]}
{[%emt 00:00:14]} 52. Rxa4 {[%clk 00:01:27]} {[%emt 00:00:13]} Bb7 {[%clk
00:22:07]} {[%emt 00:00:10]} 53. Nc6 {[%clk 00:01:31]} {[%emt 00:00:26]} g5+
{[%clk 00:22:15]} {[%emt 00:00:21]} 54. Kg3 {[%clk 00:01:49]} {[%emt 00:00:12]}
Bxc6 {[%clk 00:22:16]} {[%emt 00:00:30]} 55. dxc6+ {[%clk 00:02:16]} {[%emt
00:00:03]} Kxc6 {[%clk 00:22:35]} {[%emt 00:00:11]} 56. Rxa6+ {[%clk 00:02:37]}
{[%emt 00:00:09]} Kb5 {[%clk 00:22:59]} {[%emt 00:00:06]} 57. Rxf6 {[%clk
00:03:02]} {[%emt 00:00:05]} Kxb4 {[%clk 00:23:05]} {[%emt 00:00:24]} 58. Rc6
{[%clk 00:03:22]} {[%emt 00:00:09]} Rg7 {[%clk 00:22:44]} {[%emt 00:00:52]} 59.
Rb1+ {[%clk 00:03:32]} {[%emt 00:00:20]} Kc3 {[%clk 00:22:55]} {[%emt
00:00:17]} 60. Rc1+ {[%clk 00:03:52]} {[%emt 00:00:12]} Kd2 {[%clk 00:23:18]}
{[%emt 00:00:05]} 61. R1xc4 {[%clk 00:03:56]} {[%emt 00:00:28]} gxh4+ {[%clk
00:23:18]} {[%emt 00:00:30]} 62. Kf2 {[%clk 00:04:21]} {[%emt 00:00:05]} Reg5
{[%clk 00:23:17]} {[%emt 00:00:30]} 63. Rd4# {[%clk 00:04:42]} {[%emt
00:00:10]} 1-0